Villes de Nouvelle-Zélande (Mort subite) - Statistiques

Statistiques générales
  • Ce quiz a été pris 116 fois
  • Le résultat moyen est 8 sur 15
Answers on the Grid
Answers color-coded by a green-red scale on the quiz's grid according to % correct below.
Auckland
Christchurch
Wellington
Hamilton
Dunedin
Palmerston North
Napier
New Plymouth
Rotorua
Whangārei
Nelson
Invercargill
Wanganui
Gisborne
Tauranga
Sydney
Melbourne
Perth
Adelaïde
Canberra
Brisbane
Alice Springs
Darwin
Hobart
Port-Moresby
Honiara
Le Cap
Suva
Pago Pago
Londres
 
Statistiques - réponses
Réponse % Correct
Wellington
91%
Christchurch
82%
Auckland
81%
Hamilton
57%
Wanganui
57%
Dunedin
56%
Tauranga
54%
Rotorua
51%
Nelson
48%
New Plymouth
44%
Invercargill
43%
Whangārei
43%
Palmerston North
42%
Napier
41%
Gisborne
28%
Aucun quiz correspondant
Distribution des résultats
% des personnes avec chaque résultat
Percentile par nombre de réponses
Votre historique - résultats
Vous n’avez pas pris ce quiz